K jednému pokusu o evolučné vysvetlenie morálky

Analýza jedného z mnohých pokusov vysvetliť pôvod našej morálky pomocou evolučnej teórie. Antropologická teória prezentovaná Currym, Mullinsom a Whitehouseom, v ktorej predpovedajú existenciu siedmich univerzálnych morálnych vzorcov.

Gespeichert in:
Bibliographische Detailangaben
1. Verfasser: Spodniak, Stanislav
Format: Buchkapitel
Sprache:Slowakisch
Schlagworte:
Tags: Tag hinzufügen
Keine Tags, Fügen Sie das erste Tag hinzu!

MARC

LEADER 00000naa a2200000 4500
001 0268723
005 20200925131507.5
041 0 |a slo 
044 |a SK 
245 1 0 |a K jednému pokusu o evolučné vysvetlenie morálky  |c Stanislav Spodniak 
520 |a Analýza jedného z mnohých pokusov vysvetliť pôvod našej morálky pomocou evolučnej teórie. Antropologická teória prezentovaná Currym, Mullinsom a Whitehouseom, v ktorej predpovedajú existenciu siedmich univerzálnych morálnych vzorcov. 
610 2 0 |a etika 
610 2 0 |a morálka 
610 2 0 |a antropológia 
610 2 0 |a spoločnosť 
610 2 0 |a javy sociálne 
610 2 0 |a adaptabilita 
610 2 0 |a teórie sociologické 
100 1 |a Spodniak, Stanislav